MARC details
| 000 -LEADER |
| fixed length control field |
04649cam a2200421 i 4500 |
| 001 - CONTROL NUMBER |
| control field |
17658414 |
| 003 - CONTROL NUMBER IDENTIFIER |
| control field |
ARRUPE |
| 005 - DATE AND TIME OF LATEST TRANSACTION |
| control field |
20141031020006.0 |
| 008 - FIXED-LENGTH DATA ELEMENTS--GENERAL INFORMATION |
| fixed length control field |
130314s2014 enk b 001 0 eng |
| 010 ## - LIBRARY OF CONGRESS CONTROL NUMBER |
| LC control number |
2013010543 |
| 020 ## - INTERNATIONAL STANDARD BOOK NUMBER |
| International Standard Book Number |
9780415822107 (hbk.) |
| 020 ## - INTERNATIONAL STANDARD BOOK NUMBER |
| International Standard Book Number |
0415822106 (hbk.) |
| 020 ## - INTERNATIONAL STANDARD BOOK NUMBER |
| Cancelled/invalid ISBN |
9780203465738 (ebk.) |
| 020 ## - INTERNATIONAL STANDARD BOOK NUMBER |
| Cancelled/invalid ISBN |
0203465733 (ebk.) |
| 040 ## - CATALOGING SOURCE |
| Original cataloging agency |
DLC |
| Language of cataloging |
eng |
| Transcribing agency |
DLC |
| Description conventions |
rda |
| 042 ## - AUTHENTICATION CODE |
| Authentication code |
pcc |
| 050 00 - LIBRARY OF CONGRESS CALL NUMBER |
| Classification number |
K5250 |
| Item number |
.T75 2014 |
| 082 00 - DEWEY DECIMAL CLASSIFICATION NUMBER |
| Classification number |
340/.114 |
| Edition number |
23 |
| 084 ## - OTHER CLASSIFICATION NUMBER |
| Classification number |
LAW000000 |
| -- |
LAW026000 |
| -- |
LAW043000 |
| Source of number |
bisacsh |
| 300 ## - PHYSICAL DESCRIPTION |
| Dimensions |
24 cm. |
| 100 ## - MAIN ENTRY--PERSONAL NAME |
| Personal name |
Buckley-Zistel, Susanne |
| 9 (RLIN) |
9084 |
| 245 00 - TITLE STATEMENT |
| Title |
Transitional justice theories / |
| Statement of responsibility, etc |
edited by Susanne Buckley-Zistel, Teresa Koloma Beck, Christian Braun and Friederike Mieth. |
| 300 ## - PHYSICAL DESCRIPTION |
| Extent |
x, 226 pages ; |
| 490 0# - SERIES STATEMENT |
| Series statement |
Transitional justice |
| 500 ## - GENERAL NOTE |
| General note |
"A GlassHouse book." |
| 504 ## - BIBLIOGRAPHY, ETC. NOTE |
| Bibliography, etc |
Includes bibliographical references and index. |
| 520 ## - SUMMARY, ETC. |
| Summary, etc |
"Transitional justice is rapidly gaining significance as an umbrella term for mechanisms and policy instruments for dealing with a violent past in the aftermath of mass atrocities or dictatorial regimes. The practice of transitional justice brings into place institutions and mechanisms addressing systematic human rights abuses in order to promote the transition to a peaceful coexistence. These include retributive measures, such as tribunals and court trials, as well as restorative or transformative initiatives in view of enhancing community relations, such as truth commissions or memory work. Yet, despite the range of activities conducted globally and the vibrant academic debate on the topic, there are but few attempts to conceptualise transitional justice theoretically. Transitional Justice Theories fills this gap. The first part of the book theorises transitional justice through the notion of transition. Using the concepts of social learning, social trust, implicit memory, and collective trauma, the chapters attempt to identify distinct features of the transitional moment and theoretically capture relevant social processes on a micro- and macro-level. The second part focuses on the notion of justice, outlining different understandings, such as restorative, transformative, and reparative; and discussing the use of these concepts in different settings and by different agents. The third part considers the academic as well as political discourses on transitional justice from the perspective of critical social theories, including feminism and postcolonialism. Contributing to the academic debate as well as to the practice of transitional justice, Transitional Justice Theories is an important contribution to this fast growing field"-- |
| 520 ## - SUMMARY, ETC. |
| Summary, etc |
"Transitional justice has gained global significance as an umbrella term for approaches to dealing with the past in the aftermath of violent conflict or dictatorial regimes; a range of mechanisms and institutions, including tribunals, truth commissions and memorial projects seek to redress past wrongs, vindicate the dignity of victims, and provide justice. Despite this global activity and the lively academic debate surrounding it, there have been few attempts to conceptualize transitional justice theoretically. Transitional Justice Theories therefore seeks to deliver a hitherto absent theoretical framework by exploring both normative and critical perspectives from disciplines such as political science, sociology, philosophy, or psychology. Working through such concepts as the social processes of the transitional moment and the differing perspectives on justice (as potentially restorative, transformative, and reparative), this volume highlights the field's interdisciplinary scope while revealing the commonalities, as well as tensions, between the various perspectives. Contributing to the academic debate as well as to the practice of transitional justice, this book is an important contribution to a dynamic field. As such, it will be of immense interest to scholars, students, and practitioners of transitional justice, and more widely of Law, Politics, and Sociology"-- |
| 650 #0 - SUBJECT ADDED ENTRY--TOPICAL TERM |
| Topical term or geographic name as entry element |
Transitional justice. |
| 9 (RLIN) |
9085 |
| 650 #0 - SUBJECT ADDED ENTRY--TOPICAL TERM |
| Topical term or geographic name as entry element |
Crimes against humanity. |
| 9 (RLIN) |
9086 |
| 650 #0 - SUBJECT ADDED ENTRY--TOPICAL TERM |
| Topical term or geographic name as entry element |
Political crimes and offenses. |
| 9 (RLIN) |
9087 |
| 650 #7 - SUBJECT ADDED ENTRY--TOPICAL TERM |
| Topical term or geographic name as entry element |
LAW / General. |
| Source of heading or term |
bisacsh |
| 9 (RLIN) |
9088 |
| 650 #7 - SUBJECT ADDED ENTRY--TOPICAL TERM |
| Topical term or geographic name as entry element |
LAW / Criminal Law / General. |
| Source of heading or term |
bisacsh |
| 9 (RLIN) |
9089 |
| 650 #7 - SUBJECT ADDED ENTRY--TOPICAL TERM |
| Topical term or geographic name as entry element |
LAW / Gender & the Law. |
| Source of heading or term |
bisacsh |
| 9 (RLIN) |
9090 |
| 700 1# - ADDED ENTRY--PERSONAL NAME |
| Personal name |
Buckley-Zistel, Susanne, |
| Dates associated with a name |
1969- |
| Relator term |
editor of compilation. |
| 9 (RLIN) |
9091 |
| 906 ## - LOCAL DATA ELEMENT F, LDF (RLIN) |
| a |
7 |
| b |
cbc |
| c |
orignew |
| d |
1 |
| e |
ecip |
| f |
20 |
| g |
y-gencatlg |
| 942 ## - ADDED ENTRY ELEMENTS (KOHA) |
| Source of classification or shelving scheme |
Library of Congress Classification |
| Koha item type |
Monograph ( Printed materials) |
| Koha issues (borrowed), all copies |
1 |